JOINT STRUCTURE & A COMPREHENSIV ANALYSIS (Record no. 7850)

MARC details
000 -LEADER
fixed length control field 00484nam a22001817a 4500
005 - DATE AND TIME OF LATEST TRANSACTION
control field 20240106145942.0
008 - FIXED-LENGTH DATA ELEMENTS--GENERAL INFORMATION
fixed length control field 220120b ||||| |||| 00| 0 eng d
020 ## - INTERNATIONAL STANDARD BOOK NUMBER
ISBN 978-93-89034-82-0
041 ## - LANGUAGE CODE
Language code of text/sound track or separate title eng
082 ## - DEWEY DECIMAL CLASSIFICATION NUMBER
Classification number 612.75
100 ## - MAIN ENTRY--AUTHOR NAME
Personal name LEVANGIE, PAMELA.K NORKIN , CYNTHIA
245 ## - TITLE STATEMENT
Title JOINT STRUCTURE & A COMPREHENSIV ANALYSIS
250 ## - EDITION STATEMENT
Edition statement 6TH ED.
260 ## - PUBLICATION, DISTRIBUTION, ETC. (IMPRINT)
Place of publication NEW DELHI
Name of publisher JAYPEE , THE HEALTH SCIENCES PUBLISHERS
300 ## - PHYSICAL DESCRIPTION
Number of Pages 535;p
650 ## - SUBJECT ADDED ENTRY--TOPICAL TERM
Topical Term BPT
942 ## - ADDED ENTRY ELEMENTS (KOHA)
Koha item type Books
Holdings
Lost status Damaged status Collection code Home library Current library Shelving location Date acquired Source of acquisition Cost, normal purchase price Full call number Accession Number Koha item type
    PHYSIOTHERAPY JRU Library JRU Library SHELF-20-C 20/01/2022 PURCHASE 1795.00 612.75 25900 Books
    PHYSIOTHERAPY JRU Library JRU Library SHELF-20-C 20/01/2022 PURCHASE 1795.00 612.75 25901 Books
    PHYSIOTHERAPY JRU Library JRU Library SHELF-20-C 20/01/2022 PURCHASE 1795.00 612.75 25902 Books
    PHYSIOTHERAPY JRU Library JRU Library Shelf - 25- D 20/01/2022 PURCHASE 1795.00 612.75 25903 Books
    PHYSIOTHERAPY JRU Library JRU Library Shelf - 25- D 20/01/2022 PURCHASE 1795.00 612.75 25904 Books